<?xml version="1.0" encoding="UTF-8"?>
<record
    xmlns:xsi="http://www.w3.org/2001/XMLSchema-instance"
    xsi:schemaLocation="http://www.loc.gov/MARC21/slim http://www.loc.gov/standards/marcxml/schema/MARC21slim.xsd"
    xmlns="http://www.loc.gov/MARC21/slim">

  <leader>01074nam a22002177a 4500</leader>
  <datafield tag="999" ind1=" " ind2=" ">
    <subfield code="c">62608</subfield>
    <subfield code="d">62608</subfield>
  </datafield>
  <controlfield tag="003">Ge_BSU</controlfield>
  <controlfield tag="005">20241217114644.0</controlfield>
  <controlfield tag="008">241217s1986    ge ||||| |||| 00| 0 geo d</controlfield>
  <datafield tag="041" ind1=" " ind2=" ">
    <subfield code="a">geo</subfield>
  </datafield>
  <datafield tag="080" ind1=" " ind2=" ">
    <subfield code="a">617.7(075.32) 	&#x10D7;-77</subfield>
  </datafield>
  <datafield tag="100" ind1=" " ind2=" ">
    <subfield code="a">&#x10D7;&#x10DD;&#x10E4;&#x10E3;&#x10E0;&#x10D8;&#x10D0;, &#x10D2;.</subfield>
    <subfield code="9">9272</subfield>
  </datafield>
  <datafield tag="245" ind1=" " ind2=" ">
    <subfield code="a">&#x10D7;&#x10D5;&#x10D0;&#x10DA;&#x10D8;&#x10E1; &#x10D3;&#x10D0;&#x10D0;&#x10D5;&#x10D0;&#x10D3;&#x10D4;&#x10D1;&#x10D4;&#x10D1;&#x10D8; :</subfield>
    <subfield code="b">[&#x10E1;&#x10D0;&#x10EE;&#x10D4;&#x10DA;&#x10DB;&#x10EB;&#x10E6;&#x10D5;. &#x10E1;&#x10D0;&#x10E8;. &#x10E1;&#x10D0;&#x10DB;&#x10D4;&#x10D3;. &#x10E1;&#x10D0;&#x10E1;&#x10EC;&#x10D0;&#x10D5;&#x10DA;&#x10D4;&#x10D1;&#x10DA;&#x10D4;&#x10D1;&#x10D8;&#x10E1; &#x10DB;&#x10DD;&#x10E1;&#x10EC;&#x10D0;&#x10D5;&#x10DA;&#x10D4;&#x10D7;&#x10D0;&#x10D7;&#x10D5;&#x10D8;&#x10E1;] / </subfield>
    <subfield code="c">&#x10D2;. &#x10D7;&#x10DD;&#x10E4;&#x10E3;&#x10E0;&#x10D8;&#x10D0;, &#x10D4;. &#x10ED;&#x10E7;&#x10DD;&#x10DC;&#x10D8;&#x10D0;, &#x10DA;. &#x10E9;&#x10D8;&#x10E5;&#x10DD;&#x10D5;&#x10D0;&#x10DC;&#x10D8;.</subfield>
  </datafield>
  <datafield tag="250" ind1=" " ind2=" ">
    <subfield code="a">&#x10DB;&#x10D4;-2 &#x10E8;&#x10D4;&#x10D5;&#x10E1;. &#x10D3;&#x10D0; &#x10D2;&#x10D0;&#x10D3;&#x10D0;&#x10DB;&#x10E3;&#x10E8;. &#x10D2;&#x10D0;&#x10DB;&#x10DD;&#x10EA;.</subfield>
  </datafield>
  <datafield tag="264" ind1=" " ind2=" ">
    <subfield code="a">&#x10D7;&#x10D1;. : </subfield>
    <subfield code="b">&#x10D2;&#x10D0;&#x10DC;&#x10D0;&#x10D7;&#x10DA;&#x10D4;&#x10D1;&#x10D0;, </subfield>
    <subfield code="c">1986.</subfield>
  </datafield>
  <datafield tag="300" ind1=" " ind2=" ">
    <subfield code="a">238 &#x10D2;&#x10D5;. : </subfield>
    <subfield code="b">&#x10D8;&#x10DA;., 4&#x10E4;. ; </subfield>
    <subfield code="c">22 &#x10E1;&#x10DB;.</subfield>
  </datafield>
  <datafield tag="653" ind1=" " ind2=" ">
    <subfield code="a">&#x10D7;&#x10D5;&#x10D0;&#x10DA;&#x10D8;&#x10E1; &#x10D3;&#x10D0;&#x10D0;&#x10D5;&#x10D0;&#x10D3;&#x10D4;&#x10D1;&#x10D4;&#x10D1;&#x10D8;</subfield>
  </datafield>
  <datafield tag="653" ind1=" " ind2=" ">
    <subfield code="a">&#x10DB;&#x10D4;&#x10D3;&#x10D8;&#x10EA;&#x10D8;&#x10DC;&#x10D0;</subfield>
  </datafield>
  <datafield tag="700" ind1=" " ind2=" ">
    <subfield code="a">&#x10ED;&#x10E7;&#x10DD;&#x10DC;&#x10D8;&#x10D0;, &#x10D4;. </subfield>
    <subfield code="e">&#x10D0;&#x10D5;&#x10E2;&#x10DD;&#x10E0;&#x10D8;</subfield>
    <subfield code="9">23988</subfield>
  </datafield>
  <datafield tag="700" ind1=" " ind2=" ">
    <subfield code="a">&#x10E9;&#x10D8;&#x10E5;&#x10DD;&#x10D5;&#x10D0;&#x10DC;&#x10D8;, &#x10DA;., </subfield>
    <subfield code="e">&#x10D0;&#x10D5;&#x10E2;&#x10DD;&#x10E0;&#x10D8;</subfield>
    <subfield code="9">22612</subfield>
  </datafield>
  <datafield tag="942" ind1=" " ind2=" ">
    <subfield code="2">udc</subfield>
    <subfield code="c">&#x1CAC;&#x1C98;&#x1C92;&#x1C9C;&#x1C98;</subfield>
  </datafield>
  <datafield tag="952" ind1=" " ind2=" ">
    <subfield code="0">0</subfield>
    <subfield code="1">0</subfield>
    <subfield code="2">udc</subfield>
    <subfield code="4">0</subfield>
    <subfield code="6">617707532_&#x10D7;77</subfield>
    <subfield code="7">0</subfield>
    <subfield code="9">101454</subfield>
    <subfield code="a">CPL</subfield>
    <subfield code="b">CPL</subfield>
    <subfield code="c">GEN</subfield>
    <subfield code="d">2024-12-17</subfield>
    <subfield code="g">5.00</subfield>
    <subfield code="o">617.7(075.32) 	&#x10D7;-77</subfield>
    <subfield code="p">69985</subfield>
    <subfield code="r">2024-12-17</subfield>
    <subfield code="t">69985</subfield>
    <subfield code="w">2024-12-17</subfield>
    <subfield code="y">&#x1CAC;&#x1C98;&#x1C92;&#x1C9C;&#x1C98;</subfield>
    <subfield code="z">5 &#x10DA;.</subfield>
  </datafield>
  <datafield tag="952" ind1=" " ind2=" ">
    <subfield code="0">0</subfield>
    <subfield code="1">0</subfield>
    <subfield code="2">udc</subfield>
    <subfield code="4">0</subfield>
    <subfield code="6">617707532_&#x10D7;77</subfield>
    <subfield code="7">0</subfield>
    <subfield code="9">101455</subfield>
    <subfield code="a">CPL</subfield>
    <subfield code="b">CPL</subfield>
    <subfield code="c">GEN</subfield>
    <subfield code="d">2024-12-17</subfield>
    <subfield code="g">5.00</subfield>
    <subfield code="o">617.7(075.32) 	&#x10D7;-77</subfield>
    <subfield code="p">69986</subfield>
    <subfield code="r">2024-12-17</subfield>
    <subfield code="t">69986</subfield>
    <subfield code="w">2024-12-17</subfield>
    <subfield code="y">&#x1CAC;&#x1C98;&#x1C92;&#x1C9C;&#x1C98;</subfield>
    <subfield code="z">5 &#x10DA;.</subfield>
  </datafield>
  <datafield tag="952" ind1=" " ind2=" ">
    <subfield code="0">0</subfield>
    <subfield code="1">0</subfield>
    <subfield code="2">udc</subfield>
    <subfield code="4">0</subfield>
    <subfield code="6">617707532_&#x10D7;77</subfield>
    <subfield code="7">0</subfield>
    <subfield code="9">101456</subfield>
    <subfield code="a">CPL</subfield>
    <subfield code="b">CPL</subfield>
    <subfield code="c">GEN</subfield>
    <subfield code="d">2024-12-17</subfield>
    <subfield code="g">5.00</subfield>
    <subfield code="o">617.7(075.32) 	&#x10D7;-77</subfield>
    <subfield code="p">69987</subfield>
    <subfield code="r">2024-12-17</subfield>
    <subfield code="t">69987</subfield>
    <subfield code="w">2024-12-17</subfield>
    <subfield code="y">&#x1CAC;&#x1C98;&#x1C92;&#x1C9C;&#x1C98;</subfield>
    <subfield code="z">5 &#x10DA;.</subfield>
  </datafield>
  <datafield tag="952" ind1=" " ind2=" ">
    <subfield code="0">0</subfield>
    <subfield code="1">0</subfield>
    <subfield code="2">udc</subfield>
    <subfield code="4">0</subfield>
    <subfield code="6">617707532_&#x10D7;77</subfield>
    <subfield code="7">0</subfield>
    <subfield code="9">101457</subfield>
    <subfield code="a">CPL</subfield>
    <subfield code="b">CPL</subfield>
    <subfield code="c">GEN</subfield>
    <subfield code="d">2024-12-17</subfield>
    <subfield code="g">5.00</subfield>
    <subfield code="o">617.7(075.32) 	&#x10D7;-77</subfield>
    <subfield code="p">69988</subfield>
    <subfield code="r">2024-12-17</subfield>
    <subfield code="t">69988</subfield>
    <subfield code="w">2024-12-17</subfield>
    <subfield code="y">&#x1CAC;&#x1C98;&#x1C92;&#x1C9C;&#x1C98;</subfield>
    <subfield code="z">5 &#x10DA;.</subfield>
  </datafield>
  <datafield tag="952" ind1=" " ind2=" ">
    <subfield code="0">0</subfield>
    <subfield code="1">0</subfield>
    <subfield code="2">udc</subfield>
    <subfield code="4">0</subfield>
    <subfield code="6">617707532_&#x10D7;77</subfield>
    <subfield code="7">0</subfield>
    <subfield code="9">101458</subfield>
    <subfield code="a">CPL</subfield>
    <subfield code="b">CPL</subfield>
    <subfield code="c">GEN</subfield>
    <subfield code="d">2024-12-17</subfield>
    <subfield code="g">5.00</subfield>
    <subfield code="o">617.7(075.32) 	&#x10D7;-77</subfield>
    <subfield code="p">69989</subfield>
    <subfield code="r">2024-12-17</subfield>
    <subfield code="t">69989</subfield>
    <subfield code="w">2024-12-17</subfield>
    <subfield code="y">&#x1CAC;&#x1C98;&#x1C92;&#x1C9C;&#x1C98;</subfield>
    <subfield code="z">5 &#x10DA;.</subfield>
  </datafield>
  <datafield tag="952" ind1=" " ind2=" ">
    <subfield code="0">0</subfield>
    <subfield code="1">0</subfield>
    <subfield code="2">udc</subfield>
    <subfield code="4">0</subfield>
    <subfield code="6">617707532_&#x10D7;77</subfield>
    <subfield code="7">0</subfield>
    <subfield code="9">101459</subfield>
    <subfield code="a">CPL</subfield>
    <subfield code="b">CPL</subfield>
    <subfield code="c">GEN</subfield>
    <subfield code="d">2024-12-17</subfield>
    <subfield code="g">5.00</subfield>
    <subfield code="o">617.7(075.32) 	&#x10D7;-77</subfield>
    <subfield code="p">69990</subfield>
    <subfield code="r">2024-12-17</subfield>
    <subfield code="t">69990</subfield>
    <subfield code="w">2024-12-17</subfield>
    <subfield code="y">&#x1CAC;&#x1C98;&#x1C92;&#x1C9C;&#x1C98;</subfield>
    <subfield code="z">5 &#x10DA;.</subfield>
  </datafield>
  <datafield tag="952" ind1=" " ind2=" ">
    <subfield code="0">0</subfield>
    <subfield code="1">0</subfield>
    <subfield code="2">udc</subfield>
    <subfield code="4">0</subfield>
    <subfield code="6">617707532_&#x10D7;77</subfield>
    <subfield code="7">0</subfield>
    <subfield code="9">101460</subfield>
    <subfield code="a">CPL</subfield>
    <subfield code="b">CPL</subfield>
    <subfield code="c">GEN</subfield>
    <subfield code="d">2024-12-17</subfield>
    <subfield code="g">5.00</subfield>
    <subfield code="o">617.7(075.32) 	&#x10D7;-77</subfield>
    <subfield code="p">69991</subfield>
    <subfield code="r">2024-12-17</subfield>
    <subfield code="t">69991</subfield>
    <subfield code="w">2024-12-17</subfield>
    <subfield code="y">&#x1CAC;&#x1C98;&#x1C92;&#x1C9C;&#x1C98;</subfield>
    <subfield code="z">5 &#x10DA;.</subfield>
  </datafield>
  <datafield tag="952" ind1=" " ind2=" ">
    <subfield code="0">0</subfield>
    <subfield code="1">0</subfield>
    <subfield code="2">udc</subfield>
    <subfield code="4">0</subfield>
    <subfield code="6">617707532_&#x10D7;77</subfield>
    <subfield code="7">0</subfield>
    <subfield code="9">102358</subfield>
    <subfield code="a">CPL</subfield>
    <subfield code="b">CPL</subfield>
    <subfield code="c">GEN</subfield>
    <subfield code="d">2025-03-19</subfield>
    <subfield code="g">5.00</subfield>
    <subfield code="o">617.7(075.32) 	&#x10D7;-77</subfield>
    <subfield code="p">70894</subfield>
    <subfield code="r">2025-03-19</subfield>
    <subfield code="t">70894</subfield>
    <subfield code="w">2025-03-19</subfield>
    <subfield code="y">&#x1CAC;&#x1C98;&#x1C92;&#x1C9C;&#x1C98;</subfield>
    <subfield code="z">5.00</subfield>
  </datafield>
</record>
